000 00632nam a2200217Ia 4500
001 11172
003 GE_BSU
008 181216s||||||||xx |||||||||||||| ||und||
040 _cGE_BSU
100 _aფედეროვი მ.ვ.
245 _aმიკრობიოლოგია.
245 _cრედ. დ.ნათიშვილი მთარგმ. ქ. ღამბაშიძე
260 _aთბილისი.
260 _bცოდნა
260 _c1964
300 _a332გვ.
300 _bილ.
300 _c26სმ.
653 _aმიკრობიოლოგია.
942 _cBK
999 _c44406
_d44406